000 00450nam a2200169Ia 4500
003 GCL
008 140319s9999 xx 000 0 eng d
040 _aGCL /
_cGCL
082 0 4 _a883.01
_bK I
100 1 _aKIRK,GEORGE
245 1 0 _aTHE ILIAD: ACOMMENTARY SVOLUMES /
_cKIRK,GEORGE
260 _a[S.N] :
_bCAMBRIBGE UNIVERSITY PRESS ،
_c1990
300 _a409 P
650 0 4 _aARCHAEOLOGY
650 0 4 _aMETHOD OF THE COMMENTARY
942 _2ddc
_cBK
999 _c24085
_d24085